The Macintosh iLife' 04 in the classroom (CD-ROM)

The book with practical guidance to help you integrate digital media into your classroom routine

में बचाया:
ग्रंथसूची विवरण
मुख्य लेखक: Heir, Jim
स्वरूप: पुस्तक
भाषा:Undetermined
प्रकाशित: Berkely Peachpit 2004
विषय:
टैग : टैग जोड़ें
कोई टैग नहीं, इस रिकॉर्ड को टैग करने वाले पहले व्यक्ति बनें!
Thư viện lưu trữ: Trung tâm Học liệu Trường Đại học Cần Thơ
LEADER 00623nam a2200205Ia 4500
001 CTU_217931
008 210402s9999 xx 000 0 und d
082 |a 006.7 
082 |b H465 
100 |a Heir, Jim 
245 4 |a The Macintosh iLife' 04 in the classroom (CD-ROM) 
245 0 |c Jim Heir 
260 |a Berkely 
260 |b Peachpit 
260 |c 2004 
520 |a The book with practical guidance to help you integrate digital media into your classroom routine 
650 |a Web sites,Web 
650 |x Design,Thiết kế 
904 |i Nguyên 
980 |a Trung tâm Học liệu Trường Đại học Cần Thơ